Zvýšenie odolnosti Slovenska voči hybridným hrozbám pomocou posilnenia kapacít verejnej správy Zborník príspevkov /

Salvato in:
Dettagli Bibliografici
Altri autori: Mgr. RUBISOVÁ, Ivana, PhD (Compilatore), prof. Ing. LISOŇ, Miroslav, PhD (Revisore), plk. v.v. doc. JUDr. ODLER, Robert, PhD (Revisore)
Natura: Libro
Lingua:slovacco
Pubblicazione: Bratislava ; Akadémia Policajného zboru v Bratislave ; 2024
Edizione:1. vydanie
Tags: Aggiungi Tag
Nessun Tag, puoi essere il primo ad aggiungerne!!

MARC

LEADER 00000nam a22000003a 4500
001 0110152
003 SK-STU
005 20240621070955.3
007 ta
008 240621s ----xo-----e------000-0-----d
020 |a 978-80-8293-010-1 
040 |a STU  |b slo 
041 0 |a slo 
044 |a xo 
100 1 |a Mgr. RUBISOVÁ, Ivana, PhD.  |4 com 
245 1 0 |a Zvýšenie odolnosti Slovenska voči hybridným hrozbám pomocou posilnenia kapacít verejnej správy  |b Zborník príspevkov /  |c zost. Ivana Mgr. RUBISOVÁ ; rec. Miroslav prof. Ing. LISOŇ, Robert plk. v.v. doc. JUDr. ODLER 
246 3 1 |a Zborník príspevkov z konferencie Častá - Papiernička, v Účelovom zariadení Kancelárie Národnej rady SR ; 5. - 6. 10. 2023 
250 |a 1. vydanie  
260 |a Bratislava ;  |b Akadémia Policajného zboru v Bratislave ;  |c 2024 
300 |a 330 s. 
700 1 |a prof. Ing. LISOŇ, Miroslav, PhD.  |4 rev 
700 1 |a plk. v.v. doc. JUDr. ODLER, Robert, PhD.  |4 rev 
996 |c I* Z14057  |l I  |s A  |a 24  |w 0110152_0001